ბათუმის შოთა რუსთაველის სახელმწიფო უნივერსიტეტის ბიბლიოთეკა

გეოგრაფიული აღნიშვნები : ხარისხი და განვითარება / (ბიბ.ჩანაწერი № 56993)

000 -ლიდერი
ფიქსირებული სიგრძის საკონტროლო ველი 01487nam a22002657a 4500
003 - საკონტროლო ნომრის იდენტიფიკატორი
საკონტროლო ველი Ge_BSU
005 - ბოლო ოპერაციის თარიღი და დრო
საკონტროლო ველი 20190924160110.0
008 - ფიქსირებული სიგრძის მონაცემთა ელემენტები - ზოგადი ინფორმაცია
ფიქსირებული სიგრძის საკონტროლო ველი 190924s2018 ||||| |||| 00| 0 geo d
020 ## - წიგნის საერთაშორისო სტანდარტული ნომერი
International Standard Book Number 9789941804335
041 ## - ენის კოდი
Language code of text/sound track or separate title geo
080 ## - უნივერსალური ათობითი კლასიფიკაციის ინდექსი
Universal Decimal Classification number 631(479.22) +347.779(479.22) გ-13
100 ## - მთავარი ჩანაწერი - პიროვნების სახელი
Personal name გაბუნია, დავით.
9 (RLIN) 4282
245 ## - ცნობა სათაურის შესახებ
Title გეოგრაფიული აღნიშვნები : ხარისხი და განვითარება /
Statement of responsibility, etc დავით გაბუნია, მერაბ კვიმსაძე, ეკა გაბუნია .
264 ## - წარმოების, გამოცემის, დისტრიბუციის და სხვა ცნობები
გამოცემის, წარმოების, დისტრიბუციის... ადგილი თბილისი :
გამოცემის, წარმოების, დისტრიბუციის... სახელწოდება (საქპატენტი)
გამოცემის, წარმოების, დისტრიბუციის... თარიღი 2018.
300 ## - ფიზიკური აღწერა
Extent 248 გვ. :
Dimensions 22 სმ.
500 ## - ზოგადი შენიშვნა
General note თავფურცელზე ავტორები აღნიშნულნი არ არიან.
504 ## - BIBLIOGRAPHY, ETC. NOTE
Bibliography, etc ბიბლიოგრ.: გვ. 245.
505 ## - FORMATTED CONTENTS NOTE
Miscellaneous information გარეკანზე: იური მეჩითოვის ფოტო.
653 ## - INDEX TERM--UNCONTROLLED
Uncontrolled term საქართველოს სოფლის მეურნეობა
653 ## - INDEX TERM--UNCONTROLLED
Uncontrolled term ინტელექტუალური საკუთრების დაცვა საქართველოში
653 ## - INDEX TERM--UNCONTROLLED
Uncontrolled term სასაქონლო ნიშნები საქართველოში
700 ## - ADDED ENTRY--PERSONAL NAME
Personal name კვიმსაძე , მერაბ.
9 (RLIN) 4283
700 ## - ADDED ENTRY--PERSONAL NAME
Personal name გაბუნია , ეკა.
9 (RLIN) 4284
942 ## - ADDED ENTRY ELEMENTS (KOHA)
Source of classification or shelving scheme
Koha item type წიგნი
ეგზემპლარები
ჩამოწერის სტატუსი დაკარგული ეგზემპლარის სტატუსი კლასიფიკაციის წყარო ან თაროზე გაწყობის სქემა დაზიანების სტატუსი არ გაიცემა მუდმივი მდებარეობა (დაცვის ადგილი) ამჟამინდელი ადგილსამყოფელი თაროზე განთავსების ადგილი შეძენის თარიღი ღირებულება, შესყიდვის ნორმალური ფასი სრული შენახვის შიფრი შტრიხკოდი ბოლო ოპერაციის თარიღი ეგზემპლარის მიმდევრობითი ნომერი (კეტერი?) ფასის ძალაში შესვლის თარიღი ეგზემპლარის სახეობა საჯარო შენიშვნა
          ბათუმის შოთა რუსთაველის სახელმწიფო უნივერსიტეტის მთავარი ბიბლიოთეკა ბათუმის შოთა რუსთაველის სახელმწიფო უნივერსიტეტის მთავარი ბიბლიოთეკა წიგნსაცავი 2019-09-24 15.00 631(479.22) +347.779(479.22) გ-13 60052 2019-09-24 60052 2019-09-24 წიგნი 15.00
          ბათუმის შოთა რუსთაველის სახელმწიფო უნივერსიტეტის მთავარი ბიბლიოთეკა ბათუმის შოთა რუსთაველის სახელმწიფო უნივერსიტეტის მთავარი ბიბლიოთეკა წიგნსაცავი 2019-09-24 15.00 631(479.22) +347.779(479.22) გ-13 60053 2019-09-24 60053 2019-09-24 წიგნი 15.00
          ბათუმის შოთა რუსთაველის სახელმწიფო უნივერსიტეტის მთავარი ბიბლიოთეკა ბათუმის შოთა რუსთაველის სახელმწიფო უნივერსიტეტის მთავარი ბიბლიოთეკა წიგნსაცავი 2019-09-24 15.00 631(479.22) +347.779(479.22) გ-13 60054 2019-09-24 60054 2019-09-24 წიგნი 15.00